| 000 | 00415nam a2200169Ia 4500 | ||
|---|---|---|---|
| 008 | 180207s9999 xx 000 0 und d | ||
| 020 | _a861632354 | ||
| 050 | _bC643 1987 | ||
| 100 | _aCloke, Rene. | ||
| 245 | _aHello Brer rabbit / | ||
| 245 | _cIllustrated by Rene Cloke. | ||
| 260 | _aLondon : | ||
| 260 | _bAward Publications, | ||
| 260 | _c1987 | ||
| 300 | _aunpaged : | ||
| 300 | _bcolor illustration ; | ||
| 999 |
_c355005 _d355005 |
||